Ministering The Familes (Record no. 137363)

MARC details
000 -LEADER
fixed length control field 00496nam a22001697a 4500
003 - CONTROL NUMBER IDENTIFIER
control field OSt
005 - DATE AND TIME OF LATEST TRANSACTION
control field 20250814121138.0
008 - FIXED-LENGTH DATA ELEMENTS--GENERAL INFORMATION
fixed length control field 250812b |||||||| |||| 00| 0 eng d
040 ## - CATALOGING SOURCE
Transcribing agency SBCL
082 ## - DEWEY DECIMAL CLASSIFICATION NUMBER
Classification number 259
Item number ANT-M
100 ## - MAIN ENTRY--PERSONAL NAME
Personal name Chundelikkatt,Antony
245 ## - TITLE STATEMENT
Title Ministering The Familes
260 ## - PUBLICATION, DISTRIBUTION, ETC.
Place of publication, distribution, etc. Kottayam
Name of publisher, distributor, etc. CANA Publications
Date of publication, distribution, etc. 2009
300 ## - PHYSICAL DESCRIPTION
Extent 288p.
650 ## - SUBJECT ADDED ENTRY--TOPICAL TERM
Topical term or geographic name entry element Local Christian church and religious orders
942 ## - ADDED ENTRY ELEMENTS (KOHA)
Koha item type BOOK
650 ## - SUBJECT ADDED ENTRY--TOPICAL TERM
Source of heading or term Religion
Form subdivision Pastoral care of families & groups of people
Holdings
Withdrawn status Lost status Source of classification or shelving scheme Damaged status Not for loan Home library Current library Date acquired Total Checkouts Full call number Barcode Shelving location Date last seen Price effective from Koha item type
    Dewey Decimal Classification     SB LIBRARY SB LIBRARY 12/08/2025   259 ANT-M 143193 GENERAL STACK 12/08/2025   BOOK

Powered by Koha